000 00584nam a2200181 a 4500
005 20240913063956.0
008 991125s1976 mx 000 0 spa u
035 _aUPN01000052540
049 _aF
050 4 _aJL1298 R4
_bL6.7
100 1 _aLópez Portillo y Pacheco, José,
_d1920-2004
245 1 3 _aEl rumbo está trazado /
_cJosé López Portillo.
260 _aMéxico :
_bPRI,
_c1976.
300 _a40 p. :
_bfotos
600 1 0 _aLópez Portillo, José
_928985
650 4 _aCAMPAÑAS POLITICAS -
_yLITERATURA, 1976 -
_xPARTIDO REVOLUCIONARIO INSTITUCIONAL
_95091
905 _aLibro
999 _c52540
_d52540